yungblud lyric quizz - Statistics

General Stats
  • This quiz has been taken 430 times
  • The average score is 11 of 15
Answer Stats
Question Answer % Correct
i was born in a ____ __ century messed up
99%
drop a ____ in my bath toaster
98%
not gonna waste my __ life
94%
she was only______ seventeen
92%
come and take a ride in my _____ mind Psychotic
88%
i see ___ in my head pictures
84%
you lock me out you lock me_ in
82%
i got __ on my mind jesus
82%
just suck this salt to cleanse your ___ sins
77%
only those who are ___ asleep
72%
next to the cuts and the ___ blood
69%
_ ___ fix the way I was designed i wanna
69%
was that __ chewed me up love
57%
drop a _____ into my bath hairdryer
39%
before i ___ sleep
35%
No matching quizzes found
Score Distribution
Percent of People with Each Score
Percentile by Number Answered
Your Score History
You have not taken this quiz